Normal view
MARC view
- Computer networks
Entry Topical Term
001 - CONTROL NUMBER
- control field: 99229
003 - CONTROL NUMBER IDENTIFIER
- control field: NUST
005 - DATE AND TIME OF LATEST TRANSACTION
- control field: 20221006100009.0
008 - FIXED-LENGTH DATA ELEMENTS
- fixed length control field: 221006|| aca||aabn | a|a d
040 ## - CATALOGING SOURCE
- Original cataloging agency: NUST
- Transcribing agency: NUST
150 ## - HEADING--TOPICAL TERM
- Topical term or geographic name entry element: Computer networks
- General subdivision: Evaluation
670 ## - SOURCE DATA FOUND
- Source citation: Work cat.: (NUST)174781: Higginbottom, Gary N., 99228, Performance evaluation of communication networks /, c1998.
